000 00299nam a22001337a 4500
008 171002b xxu||||| |||| 00| 0 eng d
020 _a2900060911514
041 _aeng
080 _a159.2
100 _a48
101 _aPSI
245 _aTHE MYTH OF MENTAL ILLNESS
_cSZASZ, TH.S
942 _2udc
_cBK
999 _c31200
_d31200